[Event "FIDE World Ch (w)"]
[Site "Nalchik RUS"]
[Date "2008.08.30"]
[Round "1.2"]
[White "Mohota, Nisha"]
[Black "Kosintseva, Nadezhda"]
[Result "0-1"]
[WhiteElo "2354"]
[BlackElo "2460"]
[EventDate "2008.08.29"]
[PlyCount "89"]

1.d4 Nf6 2.c4 e6 3.Nc3 Bb4 4.e3 O-O 5.Ne2 Re8 6.a3 Bf8 7.e4 d6 8.g3 c5 9.
Bg2 Nc6 10.O-O cxd4 11.Nxd4 Nxd4 12.Qxd4 Bd7 13.b3 Bc6 14.Bb2 Nd7 15.Qd1 
a6 16.Kh1 b5 17.cxb5 axb5 18.Na2 Nc5 19.f3 Qb6 20.Nb4 Bb7 21.Re1 Na6 22.
Nd3 Nc5 23.Nf4 Rac8 24.Re2 Nd7 25.Rd2 Ne5 26.Ne2 f6 27.h3 d5 28.f4 Nf7 29.
exd5 Bxd5 30.Bxd5 exd5 31.Nc3 d4 32.Nd5 Qe6 33.Qf3 Qxh3+ 34.Kg1 Qf5 35.Qg2
Red8 36.Nb4 d3 37.Rad1 Bc5+ 38.Kf1 Ne5 39.Bxe5 Bxb4 40.axb4 fxe5 41.Re1 
exf4 42.gxf4 Rc2 43.Qf2 Rxd2 44.Qxd2 Rd4 45.Kf2 0-1

[Event "FIDE World Ch (w)"]
[Site "Nalchik RUS"]
[Date "2008.08.30"]
[Round "1.2"]
[White "Ju Wenjun"]
[Black "Bojkovic, Natasa"]
[Result "1/2-1/2"]
[WhiteElo "2389"]
[BlackElo "2423"]
[EventDate "2008.08.29"]
[PlyCount "81"]

1.d4 Nf6 2.c4 e6 3.g3 Bb4+ 4.Nd2 d5 5.Bg2 O-O 6.Nf3 b6 7.O-O Ba6 8.Qc2 c5 
9.dxc5 Bxc5 10.cxd5 Qc8 11.Qb1 exd5 12.b4 Be7 13.b5 Bb7 14.Nd4 Bc5 15.Bb2 
Re8 16.Nf5 Nbd7 17.e3 Ne5 18.Nf3 Nxf3+ 19.Bxf3 Qe6 20.Rd1 Red8 21.Nd4 Bxd4
22.Rxd4 Ne4 23.Qd3 Re8 24.Qd1 h6 25.Rc1 Rac8 26.Rxc8 Qxc8 27.Qa4 Qb8 28.
Qa3 Qc7 29.Qd3 Qc5 30.Qb3 Qc7 31.Rd1 Rc8 32.Rc1 Qd7 33.Rxc8+ Qxc8 34.Qd3 
Qc4 35.Qd4 f6 36.a4 Qc2 37.Bxe4 Qxe4 38.Qxe4 dxe4 39.Ba3 Bd5 40.Bd6 Bb3 
41.Bb8 1/2-1/2

[Event "FIDE World Ch (w)"]
[Site "Nalchik RUS"]
[Date "2008.08.29"]
[Round "1.1"]
[White "Golubenko, Valentina"]
[Black "Cmilyte, Viktorija"]
[Result "0-1"]
[WhiteElo "2271"]
[BlackElo "2508"]
[EventDate "2008.08.29"]
[PlyCount "68"]

1.e4 c5 2.Nf3 Nc6 3.c3 d5 4.exd5 Qxd5 5.d4 Bg4 6.Be2 e6 7.O-O cxd4 8.cxd4 
Nf6 9.Nc3 Qd6 10.Be3 Be7 11.a3 O-O 12.b4 Rfd8 13.b5 Na5 14.Qa4 b6 15.Ne5 
Rac8 16.Bxg4 Nxg4 17.Nxg4 Rxc3 18.Rfc1 Rxc1+ 19.Rxc1 Qxa3 20.Qxa3 Bxa3 21.
Rc7 h5 22.Ne5 Bd6 23.Rc1 Bxe5 24.dxe5 Nc4 25.Bg5 Rd7 26.Ra1 Nxe5 27.h3 Nc4
28.Bf4 e5 29.Bg3 f6 30.f4 e4 31.f5 Rd5 32.Rc1 Na3 33.Re1 Nxb5 34.Rxe4 Rd7 
0-1

[Event "FIDE World Ch (w)"]
[Site "Nalchik RUS"]
[Date "2008.09.01"]
[Round "2.1"]
[White "Cmilyte, Viktorija"]
[Black "Kosintseva, Nadezhda"]
[Result "1/2-1/2"]
[WhiteElo "2508"]
[BlackElo "2460"]
[EventDate "2008.08.29"]
[PlyCount "99"]

1.d4 Nf6 2.c4 e6 3.g3 Bb4+ 4.Bd2 Be7 5.Bg2 d5 6.Nf3 c6 7.O-O O-O 8.Bf4 b6 
9.Nc3 Bb7 10.Rc1 Nh5 11.cxd5 cxd5 12.Bxb8 Rxb8 13.Ne5 Nf6 14.Nb5 a6 15.Na7
Qd6 16.Nac6 Rbc8 17.Nxe7+ Qxe7 18.Qb3 Qd6 19.e3 Rxc1 20.Rxc1 Rc8 21.Rxc8+ 
Bxc8 22.Qc3 Bb7 23.b4 Nd7 24.Nd3 Kf8 25.f3 Qc6 26.Qxc6 Bxc6 27.Kf2 Ke7 28.
Ke1 Kd6 29.Kd2 f6 30.f4 Nf8 31.Kc3 Ng6 32.h4 Ne7 33.Bh3 Be8 34.Kd2 Nc6 35.
Bf1 a5 36.a3 Bg6 37.Kc3 Be8 38.Be2 Bd7 39.g4 h6 40.h5 Bc8 41.Nf2 axb4+ 42.
axb4 e5 43.b5 exd4+ 44.exd4 Nd8 45.Kd2 Ne6 46.Ke3 Bd7 47.Nd1 Nc7 48.Nc3 
Be8 49.Bd3 Bd7 50.Be2 1/2-1/2

[Event "FIDE World Ch (w)"]
[Site "Nalchik RUS"]
[Date "2008.09.02"]
[Round "2.2"]
[White "Kosintseva, Nadezhda"]
[Black "Cmilyte, Viktorija"]
[Result "1/2-1/2"]
[WhiteElo "2460"]
[BlackElo "2508"]
[EventDate "2008.08.29"]
[PlyCount "111"]

1.e4 e5 2.Nf3 Nc6 3.Bb5 Nf6 4.d3 Bc5 5.Bxc6 dxc6 6.O-O Qe7 7.h3 h6 8.c3 
Bd6 9.d4 Nd7 10.Nbd2 O-O 11.Nc4 c5 12.dxe5 Bxe5 13.Re1 Rd8 14.Qe2 b6 15.
Ncxe5 Nxe5 16.Nxe5 Qxe5 17.Qf3 Bb7 18.Bf4 Qe6 19.Bxc7 Rd2 20.b3 Re8 21.Bf4
Rc2 22.Re3 Rd8 23.Ree1 Qf6 24.Rec1 Rxc1+ 25.Rxc1 Qg6 26.Re1 Re8 27.Qg3 
Qxg3 28.Bxg3 Rxe4 29.Rxe4 Bxe4 30.Bb8 a6 31.Ba7 b5 32.Bxc5 Bb1 33.a3 Ba2 
34.b4 f5 35.f4 Kf7 36.Kf2 g6 37.Ke3 Ke6 38.Kd4 Bc4 39.g3 h5 40.h4 Be2 41.
Bf8 Kd7 42.Kc5 Kc7 43.Bd6+ Kb7 44.Be5 Bd1 45.Kd6 Be2 46.Ke6 Kc6 47.Kf6 Kd5
48.Kxg6 Bg4 49.Kf6 Kc4 50.Ke6 Kb3 51.Kd5 Kxa3 52.c4 bxc4 53.Kxc4 Ka4 54.
Bc3 Be2+ 55.Kc5 Kb3 56.Be5 1/2-1/2

[Event "FIDE World Ch (w)"]
[Site "Nalchik RUS"]
[Date "2008.09.03"]
[Round "2.3"]
[White "Kosintseva, Nadezhda"]
[Black "Cmilyte, Viktorija"]
[Result "1-0"]
[WhiteElo "2460"]
[BlackElo "2508"]
[EventDate "2008.08.29"]
[PlyCount "149"]

1.e4 e5 2.Nf3 Nc6 3.Bc4 Bc5 4.c3 Nf6 5.d3 a6 6.Bb3 Ba7 7.h3 h6 8.Nbd2 O-O 
9.O-O d6 10.Re1 Ne7 11.Nf1 Ng6 12.Ng3 c6 13.d4 Re8 14.Bc2 Be6 15.Be3 Qc7 
16.Qd2 Rad8 17.Nf5 Qc8 18.Rad1 d5 19.Nxg7 Kxg7 20.Bxh6+ Kh7 21.exd5 Bf5 
22.Bg5 Ng8 23.Bxd8 Rxd8 24.dxc6 Bxc2 25.Qxc2 exd4 26.Qb3 Qc7 27.Qxb7 Qxb7 
28.cxb7 d3 29.Nd4 Rd7 30.Nc6 Rxb7 31.Nxa7 Nf4 32.Nc6 Rxb2 33.Ne5 d2 34.Re4
Rc2 35.Kh2 Nd5 36.Rd4 Nxc3 37.R1xd2 Rc1 38.Nxf7 Nf6 39.f3 Kg6 40.Ne5+ Kf5 
41.Ng4 Nh5 42.Rc4 Nf4 43.Nf2 Ne6 44.Ne4 Nxa2 45.Rxc1 Nxc1 46.Rd6 a5 47.Ra6
Nb3 48.Nd6+ Kf4 49.h4 Nec5 50.Ra7 a4 51.Kh3 Nd4 52.Nb7 Nc6 53.Nxc5 Nxa7 
54.Nxa4 Nc6 55.Nc5 Ne5 56.Ne4 Nd3 57.h5 Kf5 58.Kh4 Ne5 59.Nf2 Nf7 60.Nd3 
Kf6 61.g4 Ng5 62.Kg3 Kg7 63.Nc5 Kh6 64.Ne4 Ne6 65.Kh4 Nd4 66.g5+ Kh7 67.
Kg4 Kg7 68.Ng3 Ne6 69.f4 Kh7 70.Ne4 Kg7 71.f5 Nf8 72.f6+ Kh7 73.Kf5 Kg8 
74.g6 Nd7 75.Ng5 1-0

[Event "FIDE World Ch (w)"]
[Site "Nalchik RUS"]
[Date "2008.09.01"]
[Round "2.1"]
[White "Harika, Dronavalli"]
[Black "Muzicuk, Anna"]
[Result "1/2-1/2"]
[WhiteElo "2461"]
[BlackElo "2504"]
[EventDate "2008.08.29"]
[PlyCount "59"]

1.Nf3 f5 2.g3 Nf6 3.Bg2 g6 4.d4 Bg7 5.O-O O-O 6.b3 d6 7.Bb2 Ne4 8.Nbd2 Nc6
9.c4 Nxd2 10.Qxd2 e5 11.dxe5 dxe5 12.Qd5+ Kh8 13.Qxd8 Rxd8 14.Rad1 Rxd1 
15.Rxd1 e4 16.Bxg7+ Kxg7 17.Nd4 Nxd4 18.Rxd4 Be6 19.f3 exf3 20.Bxf3 c6 21.
Kf2 Kf6 22.b4 Rc8 23.c5 Rc7 24.a4 Rd7 25.Rxd7 Bxd7 26.e4 fxe4 27.Bxe4 Ke5 
28.Ke3 Bf5 29.Bf3 a6 30.Bd1 1/2-1/2

[Event "FIDE World Ch (w)"]
[Site "Nalchik RUS"]
[Date "2008.09.03"]
[Round "2.3"]
[White "Muzicuk, Anna"]
[Black "Harika, Dronavalli"]
[Result "1/2-1/2"]
[WhiteElo "2504"]
[BlackElo "2461"]
[EventDate "2008.08.29"]
[PlyCount "77"]

1.e4 c5 2.Nf3 d6 3.d4 cxd4 4.Qxd4 a6 5.c4 Nc6 6.Qd2 g6 7.Be2 Bg7 8.O-O Nf6
9.Nc3 O-O 10.Rb1 Be6 11.b3 Qa5 12.Bb2 Rfc8 13.a3 Rab8 14.Rfc1 Qd8 15.b4 
Bg4 16.Nd5 Nxe4 17.Qf4 Bxf3 18.Bxf3 Nf6 19.Nxf6+ Bxf6 20.Bxf6 exf6 21.Rd1 
Ne5 22.c5 Nxf3+ 23.Qxf3 Rc6 24.Qf4 Qd7 25.Rxd6 Rxd6 26.cxd6 Rd8 27.Rd1 Qa4
28.Qf3 Kg7 29.g3 Rd7 30.Rd4 Qc6 31.Qf4 Qc3 32.Qg4 Qxa3 33.Qxd7 Qa1+ 34.Kg2
Qxd4 35.Qc7 Qd5+ 36.Kg1 Qd1+ 37.Kg2 Qd5+ 38.Kg1 Qd1+ 39.Kg2 1/2-1/2

[Event "FIDE World Ch (w)"]
[Site "Nalchik RUS"]
[Date "2008.09.03"]
[Round "2.4"]
[White "Harika, Dronavalli"]
[Black "Muzicuk, Anna"]
[Result "1-0"]
[WhiteElo "2461"]
[BlackElo "2504"]
[EventDate "2008.08.29"]
[PlyCount "181"]

1.c4 f5 2.Nc3 Nf6 3.g3 e5 4.Bg2 d6 5.d3 g6 6.e4 Nc6 7.h4 h6 8.Be3 Bg7 9.
exf5 gxf5 10.Nd5 O-O 11.Qd2 Ng4 12.Ne2 Be6 13.O-O-O Ne7 14.Bf3 Nxe3 15.
fxe3 c6 16.Nxe7+ Qxe7 17.Kb1 Rac8 18.Rhg1 Qd7 19.Bg2 Kh8 20.Rc1 Qf7 21.
Rgf1 b5 22.g4 Qg6 23.cxb5 cxb5 24.Rxc8 Bxc8 25.g5 hxg5 26.hxg5 Be6 27.Bf3 
Kg8 28.Rh1 d5 29.Ka1 f4 30.exf4 e4 31.Bh5 Qf5 32.d4 Bd7 33.Qe3 b4 34.Rh4 
Bb5 35.Bg4 Qg6 36.f5 Bxe2 37.Qxe2 Qxg5 38.Rh1 Rf6 39.Kb1 Qf4 40.Rf1 Qg3 
41.Bh5 Rh6 42.Rc1 Qd3+ 43.Qxd3 exd3 44.Rc8+ Bf8 45.Bf3 Kg7 46.Bxd5 Bd6 47.
Rg8+ Kf6 48.Be4 d2 49.Kc2 Rh4 50.Rg6+ Ke7 51.Re6+ Kd7 52.Kxd2 Rh2+ 53.Kc1 
a5 54.Bd3 Rf2 55.Re2 Rxe2 56.Bxe2 Be7 57.Kc2 Kd6 58.Kd3 Bf6 59.Ke4 Bg7 60.
Bb5 Bf6 61.b3 Bg7 62.Bc4 Bf6 63.Be6 Bg7 64.d5 Bc3 65.Kf4 Bf6 66.Kg4 Ke7 
67.Kh5 Bd4 68.Kg6 Bc3 69.Bg8 Be5 70.f6+ Kf8 71.Be6 Bd6 72.Kf5 Ke8 73.Ke4 
Kd8 74.Bg4 Ke8 75.Kf5 Kd7 76.Bh5 Bc5 77.Bf7 Bd4 78.Kg6 Bc5 79.Kg7 Bd4 80.
Be6+ Kd6 81.Kf7 Be5 82.Kg6 Bd4 83.f7 Ke7 84.d6+ Kf8 85.Kf5 Bf2 86.Ke5 Bg3+
87.Kd5 Bf4 88.Kc6 Bg5 89.d7 Bd8 90.Kb7 Ke7 91.Kc8 1-0

[Event "FIDE World Ch (w)"]
[Site "Nalchik RUS"]
[Date "2008.09.01"]
[Round "2.1"]
[White "Socko, Monika"]
[Black "Hoang Thanh Trang"]
[Result "1/2-1/2"]
[WhiteElo "2473"]
[BlackElo "2487"]
[EventDate "2008.08.29"]
[PlyCount "87"]

1.e4 e6 2.d4 d5 3.e5 c5 4.c3 Qb6 5.Nf3 Bd7 6.Be2 cxd4 7.cxd4 Bb5 8.O-O 
Bxe2 9.Qxe2 Qa6 10.Qd1 Ne7 11.Nc3 Nd7 12.Be3 Nc6 13.Ne2 Be7 14.Nf4 O-O 15.
h4 Rac8 16.h5 Nb4 17.Ne1 Rfe8 18.a3 Nc6 19.Qg4 Nf8 20.Rc1 Qb5 21.Nfd3 f5 
22.Qe2 Na5 23.Rxc8 Rxc8 24.g4 Nb3 25.Qd1 Qc4 26.Nf4 fxg4 27.Neg2 Rc6 28.
Kh2 Bg5 29.Rg1 h6 30.Kg3 Qc2 31.Qxg4 Qxb2 32.Rd1 Qxa3 33.Rd3 Qb2 34.Ng6 
Nxg6 35.hxg6 Bxe3 36.Nxe3 Nd2 37.f3 Qc1 38.Kf2 Nc4 39.Qh4 Rc8 40.Qe7 Nxe3 
41.Qxe6+ Kh8 42.Rxe3 Qd2+ 43.Kg3 Rg8 44.Rb3 1/2-1/2

[Event "FIDE World Ch (w)"]
[Site "Nalchik RUS"]
[Date "2008.09.02"]
[Round "2.2"]
[White "Hoang Thanh Trang"]
[Black "Socko, Monika"]
[Result "1-0"]
[WhiteElo "2487"]
[BlackElo "2473"]
[EventDate "2008.08.29"]
[PlyCount "139"]

1.d4 e6 2.Nf3 Nf6 3.g3 c5 4.Bg2 d5 5.O-O Nc6 6.c4 dxc4 7.Qa4 Bd7 8.Qxc4 
cxd4 9.Nxd4 Rc8 10.Nc3 Be7 11.Rd1 Qa5 12.Nb3 Qf5 13.Qb5 Qxb5 14.Nxb5 Nb4 
15.Nd6+ Bxd6 16.Rxd6 Ke7 17.Rd1 Ba4 18.Bxb7 Rc7 19.Bf3 e5 20.Bd2 Nxa2 21.
Ba5 Bxb3 22.Bxc7 Bxd1 23.Rxd1 e4 24.Bg2 Rc8 25.Bd6+ Ke8 26.Be5 Rc2 27.Ra1 
Nb4 28.Bxf6 gxf6 29.Bxe4 Rxe2 30.Bxh7 Nc6 31.b3 a5 32.Bd3 Re5 33.Kg2 Kf8 
34.Rc1 Nd4 35.Rc8+ Kg7 36.Bc4 Nf5 37.Rd8 Ne7 38.Rd7 Kf8 39.Ra7 Rc5 40.f4 
f5 41.h4 Nd5 42.Kf3 Kg7 43.h5 a4 44.Rxa4 Nb6 45.Rb4 Rc6 46.Ke3 Rh6 47.Kd4 
Nd7 48.Rb7 Rd6+ 49.Kc3 Kh6 50.Bxf7 Nc5 51.Rc7 Ne4+ 52.Kc4 Nxg3 53.Bg6 Nxh5
54.Bxh5 Kxh5 55.Rg7 Rd1 56.Rg5+ Kh6 57.b4 Rf1 58.Rxf5 Kg6 59.Re5 Rxf4+ 60.
Kc5 Kf6 61.Re1 Rf2 62.b5 Rc2+ 63.Kd6 Rd2+ 64.Kc7 Rc2+ 65.Kb7 Rb2 66.b6 Rb3
67.Kc7 Rc3+ 68.Kb8 Rb3 69.b7 Rb2 70.Rc1 1-0

[Event "FIDE World Ch (w)"]
[Site "Nalchik RUS"]
[Date "2008.09.02"]
[Round "2.2"]
[White "Zatonskih, Anna"]
[Black "Kosintseva, Tatiana"]
[Result "1/2-1/2"]
[WhiteElo "2446"]
[BlackElo "2511"]
[EventDate "2008.08.29"]
[PlyCount "115"]

1.d4 Nf6 2.c4 e6 3.Nc3 Bb4 4.Qc2 O-O 5.e4 d5 6.e5 Ne4 7.Bd3 c5 8.Ne2 cxd4 
9.Nxd4 Nd7 10.Bf4 Ndc5 11.O-O Nxd3 12.Qxd3 Nxc3 13.bxc3 Be7 14.Qg3 Kh8 15.
Rfd1 Qa5 16.Nb3 Qa3 17.Bc1 Qa6 18.Bg5 Bxg5 19.Qxg5 Qxc4 20.Qe7 Kg8 21.Rd4 
Qe2 22.c4 b6 23.cxd5 exd5 24.Rd2 Qe4 25.Nd4 Ba6 26.Nf3 Bc4 27.Re1 Qg6 28.
h3 h6 29.Rd4 Qe6 30.Qh4 f5 31.Rd2 Rae8 32.Qd4 f4 33.Qc3 Qg6 34.Nd4 Qg5 35.
Nf3 Qg6 36.Qa3 Rf7 37.Nd4 Qg5 38.e6 Rf6 39.f3 Rg6 40.Qxa7 Kh7 41.Qxb6 Qh4 
42.Rf2 Rxg2+ 43.Kxg2 Qg3+ 44.Kh1 Qxf2 45.Rg1 Be2 46.Rxg7+ Kh8 47.Qc7 Bxf3+
48.Nxf3 Qxf3+ 49.Rg2 Qxh3+ 50.Kg1 Qe3+ 51.Kh2 Rg8 52.Rxg8+ Kxg8 53.Qf7+ 
Kh8 54.Qf6+ Kh7 55.e7 Qf2+ 56.Kh1 Qf1+ 57.Kh2 Qf2+ 58.Kh1 1/2-1/2

[Event "FIDE World Ch (w)"]
[Site "Nalchik RUS"]
[Date "2008.09.01"]
[Round "2.1"]
[White "Tan Zhongyi"]
[Black "Cramling, Pia"]
[Result "1/2-1/2"]
[WhiteElo "2387"]
[BlackElo "2544"]
[EventDate "2008.08.29"]
[PlyCount "70"]

1.d4 d5 2.c4 c6 3.Nf3 Nf6 4.Nc3 dxc4 5.a4 e6 6.e3 c5 7.Bxc4 Nc6 8.O-O cxd4
9.exd4 Be7 10.Qe2 O-O 11.Rd1 Nb4 12.Ne5 Bd7 13.d5 exd5 14.Nxd5 Nfxd5 15.
Bxd5 Nxd5 16.Rxd5 Bg4 17.Qc4 Qxd5 18.Qxd5 Rad8 19.Qb3 Rd1+ 20.Qxd1 Bxd1 
21.Be3 Bb3 22.Bxa7 Ra8 23.Bd4 Rxa4 24.Rxa4 Bxa4 25.Kf1 f6 26.Nd3 Kf7 27.
Ke2 Bc6 28.g3 Bd6 29.Ke3 g5 30.Nc5 f5 31.f4 gxf4+ 32.gxf4 Kg6 33.Ne6 Bd5 
34.Bc5 Bxe6 35.Bxd6 Bd5 1/2-1/2

[Event "FIDE World Ch (w)"]
[Site "Nalchik RUS"]
[Date "2008.09.02"]
[Round "2.2"]
[White "Cramling, Pia"]
[Black "Tan Zhongyi"]
[Result "1-0"]
[WhiteElo "2544"]
[BlackElo "2387"]
[EventDate "2008.08.29"]
[PlyCount "89"]

1.d4 Nf6 2.Nf3 g6 3.c4 Bg7 4.Nc3 d5 5.Qa4+ Bd7 6.Qb3 dxc4 7.Qxc4 O-O 8.g3 
Bc6 9.Bg2 Nd5 10.O-O Nxc3 11.bxc3 Nd7 12.Re1 Be4 13.a4 Nb6 14.Qb3 Qd5 15.
Qxd5 Nxd5 16.Bd2 Nb6 17.Bg5 Rfe8 18.a5 Nc4 19.Nd2 Nxd2 20.Bxd2 Bxg2 21.
Kxg2 e5 22.Rab1 b6 23.d5 e4 24.c4 Rad8 25.Red1 Rd7 26.Be3 Bf8 27.Rd2 bxa5 
28.Rb7 a4 29.c5 Red8 30.c6 Rxd5 31.Rxd5 Rxd5 32.Rxc7 Rd8 33.Bf4 a3 34.Rxa7
Rc8 35.c7 f6 36.g4 Kf7 37.Ra6 g5 38.Bg3 Be7 39.Ra4 e3 40.fxe3 Ke6 41.e4 
Bc5 42.Ra5 Bb4 43.Ra6+ Kd7 44.Rxf6 Ra8 45.Rb6 1-0

[Event "FIDE World Ch (w)"]
[Site "Nalchik RUS"]
[Date "2008.09.01"]
[Round "2.1"]
[White "Matveeva, Svetlana"]
[Black "Xu Yuhua"]
[Result "1-0"]
[WhiteElo "2412"]
[BlackElo "2483"]
[EventDate "2008.08.29"]
[PlyCount "115"]

1.d4 Nf6 2.c4 e6 3.Nc3 Bb4 4.Qc2 O-O 5.a3 Bxc3+ 6.Qxc3 d6 7.Nf3 Nbd7 8.g3 
b6 9.Bg2 Bb7 10.O-O c5 11.b4 Qe7 12.Bb2 Rac8 13.Rfd1 Rfd8 14.dxc5 bxc5 15.
b5 Be4 16.a4 d5 17.Bf1 d4 18.Qa3 e5 19.Nd2 Ba8 20.e3 Nf8 21.exd4 exd4 22.
a5 Ng4 23.Re1 Qf6 24.f3 Qh6 25.fxg4 Qxd2 26.Rad1 Qg5 27.h3 Ng6 28.Bc1 Qf6 
29.g5 Qd6 30.Bg2 Bxg2 31.Kxg2 Ne5 32.Qa2 Qc7 33.a6 Qb8 34.Qe2 Qa8+ 35.Kf2 
Re8 36.Bf4 Nd7 37.Qd3 Rxe1 38.Rxe1 Re8 39.Rxe8+ Qxe8 40.Bc7 Qe6 41.g4 h6 
42.Qe2 Qg6 43.Qe8+ Kh7 44.Qxd7 Qc2+ 45.Kg3 Qc3+ 46.Kf4 Qe3+ 47.Kf5 d3 48.
Ba5 hxg5 49.Qxf7 d2 50.Bxd2 Qxd2 51.Qg6+ Kg8 52.Qe6+ Kh7 53.Qd5 Qe3 54.Qe4
g6+ 55.Ke5 Qd2 56.Ke6 Kh6 57.Qd5 Qe3+ 58.Qe5 1-0

[Event "FIDE World Ch (w)"]
[Site "Nalchik RUS"]
[Date "2008.09.02"]
[Round "2.2"]
[White "Xu Yuhua"]
[Black "Matveeva, Svetlana"]
[Result "1/2-1/2"]
[WhiteElo "2483"]
[BlackElo "2412"]
[EventDate "2008.08.29"]
[PlyCount "130"]

1.e4 e6 2.d4 d5 3.Nc3 Bb4 4.e5 Ne7 5.a3 Bxc3+ 6.bxc3 c5 7.h4 h6 8.Qg4 Kf8 
9.Bd3 Qa5 10.Bd2 Qa4 11.Rh3 c4 12.Rg3 g6 13.Be2 Qxc2 14.Rf3 Nf5 15.Rc1 Qa4
16.Nh3 Nc6 17.h5 g5 18.Nxg5 hxg5 19.Bxg5 Qxa3 20.h6 Ke8 21.Qh5 Qf8 22.Rh3 
Rh7 23.Bd1 Kd7 24.Bc2 Kc7 25.g4 Nce7 26.gxf5 Nxf5 27.Qf3 Kc6 28.Rb1 a6 29.
Kd2 Bd7 30.Qh1 b5 31.Qc1 Kb7 32.Qb2 Qc8 33.Qa3 Qc6 34.Rg1 Rg8 35.Rgg3 Rg6 
36.Bf4 Qc8 37.Bxf5 exf5 38.Rxg6 fxg6 39.e6 Bxe6 40.Re3 g5 41.Bxg5 f4 42.
Bxf4 Bf5 43.Re7+ Ka8 44.Qd6 Rxe7 45.Qxe7 Qg8 46.Qf6 Qc8 47.Qe7 b4 48.Qxb4 
Be4 49.Qa5 Qb7 50.Ke3 Ka7 51.Bd6 Qc6 52.Qd8 a5 53.f3 Bd3 54.Qc7+ Qxc7 55.
Bxc7 Kb7 56.Bxa5 Kc6 57.Bb4 Kd7 58.Bc5 Ke6 59.Kd2 Kd7 60.Ke1 Ke6 61.Kd1 
Kd7 62.Kd2 Bh7 63.Kc1 Kc6 64.Kd2 Kd7 65.Ke3 Ke6 1/2-1/2

[Event "FIDE World Ch (w)"]
[Site "Nalchik RUS"]
[Date "2008.09.02"]
[Round "2.2"]
[White "Amura, Claudia"]
[Black "Ruan Lufei"]
[Result "0-1"]
[WhiteElo "2345"]
[BlackElo "2499"]
[EventDate "2008.08.29"]
[PlyCount "76"]

1.d4 d5 2.c4 c6 3.e3 Nf6 4.Qc2 g6 5.Bd3 Bg7 6.Nf3 O-O 7.O-O Nbd7 8.b3 b6 
9.Bb2 Bb7 10.Nc3 Rc8 11.Qe2 e6 12.Rfd1 Re8 13.Ne5 Nxe5 14.dxe5 Nd7 15.f4 
Qh4 16.cxd5 exd5 17.Ba6 Bxa6 18.Qxa6 Rc7 19.Rac1 Nxe5 20.fxe5 Bxe5 21.h3 
Qg3 22.Qd3 Re6 23.Rf1 Qh2+ 24.Kf2 Bg3+ 25.Ke2 Qxg2+ 26.Kd1 Qxb2 27.Rc2 Qa3
28.e4 Be5 29.exd5 Rd7 30.Rd2 Ree7 31.Rf3 Qa5 32.d6 Rxd6 33.Qxd6 Bxd6 34.
Rxd6 Qc5 35.Rfd3 Re3 36.Kc2 Re2+ 37.Rd2 Qf5+ 38.Rd3 Re3 0-1

[Event "FIDE World Ch (w)"]
[Site "Nalchik RUS"]
[Date "2008.09.01"]
[Round "2.1"]
[White "Batkhuyag, Munguntuul"]
[Black "Hou Yifan"]
[Result "0-1"]
[WhiteElo "2261"]
[BlackElo "2557"]
[EventDate "2008.08.29"]
[PlyCount "92"]

1.e4 c5 2.Nf3 d6 3.d4 cxd4 4.Nxd4 Nf6 5.Nc3 Nc6 6.Bg5 e6 7.Qd2 a6 8.O-O-O 
Bd7 9.f3 Be7 10.g4 h6 11.Be3 b5 12.h4 Rc8 13.Bd3 Ne5 14.g5 Nxd3+ 15.Qxd3 
Nh5 16.Rdg1 g6 17.f4 b4 18.Nce2 e5 19.Nf3 Bb5 20.Qd2 Bc6 21.Qxb4 a5 22.Qc4
d5 23.Qb3 a4 24.Qd3 exf4 25.Nxf4 Nxf4 26.Bxf4 a3 27.b3 dxe4 28.Qc3 O-O 29.
gxh6 Bf6 30.Ne5 Bb7 31.Qe3 Qe7 32.Ng4 Rc3 33.Qb6 Rc6 34.Qe3 Rc3 35.Qe1 
Rfc8 36.Rh2 Rxb3 37.axb3 a2 38.Qa5 a1=Q+ 39.Qxa1 Bxa1 40.h5 Kh7 41.hxg6+ 
fxg6 42.Rd2 e3 43.Bxe3 Qa3+ 44.Kd1 Bf3+ 45.Ke1 Bxg4 46.Rxg4 Bc3 0-1

[Event "FIDE World Ch (w)"]
[Site "Nalchik RUS"]
[Date "2008.09.01"]
[Round "2.1"]
[White "Gaponenko, Inna"]
[Black "Rohonyan, Katerina"]
[Result "1-0"]
[WhiteElo "2468"]
[BlackElo "2321"]
[EventDate "2008.08.29"]
[PlyCount "65"]

1.e4 g6 2.d4 Bg7 3.Nc3 d6 4.f4 Nf6 5.Nf3 O-O 6.a3 Nc6 7.Bb5 Bg4 8.Be3 e5 
9.dxe5 dxe5 10.Bxc6 exf4 11.Bc5 bxc6 12.Bxf8 Qxf8 13.O-O Be6 14.h3 Qc5+ 
15.Rf2 Nd7 16.Na4 Qc4 17.c3 Ne5 18.b4 Qxe4 19.Nc5 Qc4 20.Nxe6 fxe6 21.Nxe5
Bxe5 22.Rc1 a5 23.Qe2 Qxe2 24.Rxe2 Bd6 25.Rxe6 axb4 26.axb4 c5 27.b5 Kf7 
28.Rce1 c4 29.R6e4 Ra5 30.Rb1 Ra4 31.Kf2 Kf6 32.Kf3 Be5 33.b6 1-0

[Event "FIDE World Ch (w)"]
[Site "Nalchik RUS"]
[Date "2008.09.02"]
[Round "2.2"]
[White "Rohonyan, Katerina"]
[Black "Gaponenko, Inna"]
[Result "1-0"]
[WhiteElo "2321"]
[BlackElo "2468"]
[EventDate "2008.08.29"]
[PlyCount "113"]

1.e4 c5 2.Nf3 d6 3.d4 cxd4 4.Nxd4 Nf6 5.Nc3 Nc6 6.Bc4 Bd7 7.Bg5 Qa5 8.Bxf6
gxf6 9.O-O Qc5 10.Nxc6 bxc6 11.Qd3 Bg7 12.Rae1 O-O 13.Bb3 f5 14.exf5 Bxf5 
15.Ne4 Bxe4 16.Rxe4 d5 17.Re2 Qd4 18.Qh3 e6 19.c3 Qf4 20.Bc2 Qh6 21.Qd3 f5
22.f4 a5 23.Ba4 Rac8 24.g3 Qf6 25.Kg2 Rfe8 26.Rfe1 Qf7 27.c4 Qd7 28.h3 h5 
29.h4 Rb8 30.cxd5 exd5 31.Rxe8+ Rxe8 32.Rxe8+ Qxe8 33.Qxd5+ cxd5 34.Bxe8 
Bxb2 35.Bxh5 Kg7 36.Bf3 d4 37.Be2 Ba3 38.Bd3 Kf6 39.h5 Bf8 40.a4 Bh6 41.
Kf3 Bf8 42.Ke2 Bh6 43.Ba6 Bf8 44.Bc8 Bc5 45.Ba6 Bf8 46.Kf3 Bh6 47.Bd3 Bf8 
48.Bxf5 Kxf5 49.g4+ Ke6 50.Ke4 Bc5 51.g5 Kf7 52.f5 Kg7 53.f6+ Kf7 54.Kf5 
d3 55.g6+ Kg8 56.g7 Bd4 57.h6 1-0

[Event "FIDE World Ch (w)"]
[Site "Nalchik RUS"]
[Date "2008.09.03"]
[Round "2.3"]
[White "Rohonyan, Katerina"]
[Black "Gaponenko, Inna"]
[Result "1/2-1/2"]
[WhiteElo "2321"]
[BlackElo "2468"]
[EventDate "2008.08.29"]
[PlyCount "143"]

1.e4 c5 2.Nf3 d6 3.Bc4 Nf6 4.d3 Nc6 5.c3 g6 6.Bb3 Bg7 7.O-O O-O 8.h3 b5 9.
Nbd2 a5 10.a4 b4 11.Qc2 Ba6 12.Bc4 Bxc4 13.Nxc4 d5 14.exd5 Nxd5 15.Bd2 Qc7
16.Ng5 Rac8 17.Kh1 Ne5 18.Nxe5 Bxe5 19.Rae1 Bg7 20.f4 e6 21.Ne4 Rfd8 22.
Be3 c4 23.d4 b3 24.Qe2 Bf8 25.Bd2 Qc6 26.Ra1 Be7 27.Qf3 Nb6 28.Ng5 Rd5 29.
Qe2 Bxg5 30.fxg5 Nxa4 31.Bf4 Nb6 32.Be5 Nd7 33.Bf6 Nxf6 34.gxf6 Rh5 35.Rf3
a4 36.Kg1 Ra5 37.Qe3 Qd6 38.Ra3 Kh8 39.Rf4 e5 40.Re4 Qxf6 41.Rxe5 Rxe5 42.
Qxe5 Qxe5 43.dxe5 Ra8 44.Kf2 Ra5 45.Kf3 Kg7 46.Ke4 g5 47.Kd4 h5 48.Kxc4 
Rxe5 49.Rxa4 Re2 50.Kxb3 Rxg2 51.c4 g4 52.hxg4 h4 53.c5 h3 54.g5 Rg3+ 55.
Kc2 Rxg5 56.Rh4 Rxc5+ 57.Kd2 Rb5 58.Kc2 Kg6 59.Rxh3 f5 60.Kc3 Kg5 61.b4 
Kg4 62.Rh8 f4 63.Kc4 Rf5 64.b5 f3 65.Rh1 f2 66.Rf1 Kf3 67.b6 Ke2 68.Rb1 
f1=Q 69.Rxf1 Rxf1 70.Kc5 Ke3 71.b7 Rb1 72.Kc6 1/2-1/2

[Event "FIDE World Ch (w)"]
[Site "Nalchik RUS"]
[Date "2008.09.03"]
[Round "2.4"]
[White "Gaponenko, Inna"]
[Black "Rohonyan, Katerina"]
[Result "1-0"]
[WhiteElo "2468"]
[BlackElo "2321"]
[EventDate "2008.08.29"]
[PlyCount "99"]

1.e4 c5 2.Nf3 Nc6 3.d4 cxd4 4.Nxd4 e5 5.Nb5 d6 6.N1c3 a6 7.Na3 Be7 8.Nc4 
b5 9.Ne3 Nf6 10.g3 O-O 11.Bg2 b4 12.Ncd5 Nxd5 13.Nxd5 Bg5 14.O-O Bxc1 15.
Rxc1 Be6 16.Ne3 Qb6 17.Nf5 Rfd8 18.c4 Ra7 19.b3 Qc5 20.Qd2 f6 21.Rfd1 Rad7
22.Ne3 g6 23.Nd5 Kg7 24.Kh1 a5 25.f4 Nd4 26.Rf1 Bxd5 27.cxd5 Qb5 28.Rc4 
Re7 29.Qf2 Rf8 30.h4 h5 31.Kh2 Qb8 32.Bh3 Rc7 33.fxe5 dxe5 34.Rfc1 Rff7 
35.Qf1 Qb6 36.Qd3 Qd6 37.Bc8 Qb6 38.Bh3 Ra7 39.Bg2 a4 40.bxa4 Rxa4 41.Qd2 
b3 42.Rxa4 b2 43.Rb1 Rb7 44.Ra3 Qc5 45.Rxb2 Rc7 46.Ra8 f5 47.exf5 Nxf5 48.
Rbb8 Ne3 49.Rg8+ Kf7 50.Qf2+ 1-0

[Event "FIDE World Ch (w)"]
[Site "Nalchik RUS"]
[Date "2008.09.01"]
[Round "2.1"]
[White "Nguyen Thi Thanh An"]
[Black "Sedina, Elena"]
[Result "1/2-1/2"]
[WhiteElo "2323"]
[BlackElo "2344"]
[EventDate "2008.08.29"]
[PlyCount "88"]

1.d4 d5 2.c4 c6 3.Nf3 Nf6 4.Qc2 dxc4 5.Qxc4 Bf5 6.g3 e6 7.Bg2 Be7 8.O-O 
Nbd7 9.Nc3 O-O 10.Re1 Bg6 11.Bf4 Rc8 12.Qb3 Qb6 13.e4 Rfd8 14.Rad1 h6 15.
h3 Qxb3 16.axb3 Bb4 17.Nd2 Ne8 18.Nc4 b5 19.Ne5 Nxe5 20.dxe5 f6 21.Be3 
fxe5 22.Bxa7 Nf6 23.f3 Nd7 24.Kf1 Nc5 25.Bxc5 Bxc5 26.Rxd8+ Rxd8 27.Rd1 
Rxd1+ 28.Nxd1 Bd4 29.Ke2 Kf8 30.Kd3 Ke7 31.b4 Be8 32.Bf1 Kd6 33.Kd2 Bg1 
34.Ke1 Bd4 35.Bd3 c5 36.Nc3 cxb4 37.Nxb5+ Bxb5 38.Bxb5 Bxb2 39.Bc4 Kc5 40.
Bxe6 Kd4 41.Kd2 Bc3+ 42.Ke2 Ba1 43.Kd2 Bb2 44.Bf7 Bc3+ 1/2-1/2

[Event "FIDE World Ch (w)"]
[Site "Nalchik RUS"]
[Date "2008.09.02"]
[Round "2.2"]
[White "Sedina, Elena"]
[Black "Nguyen Thi Thanh An"]
[Result "1/2-1/2"]
[WhiteElo "2344"]
[BlackElo "2323"]
[EventDate "2008.08.29"]
[PlyCount "47"]

1.e4 c5 2.Nf3 Nc6 3.Bb5 g6 4.O-O Bg7 5.c3 Nf6 6.Re1 O-O 7.h3 Qb6 8.Na3 d6 
9.d4 cxd4 10.cxd4 d5 11.e5 Ne4 12.Be3 a6 13.Bxc6 Qxc6 14.Qb3 Be6 15.Ng5 
Nxg5 16.Bxg5 Qd7 17.Rac1 Rac8 18.Qe3 Bf5 19.Nb1 Bxb1 20.Rxb1 Rc2 21.Rec1 
Rfc8 22.Rxc2 Rxc2 23.Rc1 Rxc1+ 24.Qxc1 1/2-1/2